000 00807nam a22002778a 4500
005 20260322212048.0
008 data
010 _a 84000549
020 _a0898620589
020 _a9780898620580
040 _dCtY-M
_dCtY-M
050 0 _aRC514
_b.L37 1984
096 _aWM 203 L493e 1985
100 1 _aLeff, Julian P.
245 1 0 _aExpressed emotion in families :
_bits significance for mental illness /
_cby Julian Leff, Christine Vaughn.
260 0 _aNew York :
_bGuilford Press,
_cc1985.
263 _a8409
300 _aix, 241 p. ;
_c24 cm.
504 _aIncludes bibliographical references.
590 _aBibliography: p. 227-232.
590 _aIncludes indexes.
650 0 _aSchizophrenics
_xFamily relationships.
650 0 _aExpression.
700 1 _aVaughn, Christine.
001 data
999 _c1138
_d1138